000 00784cam a22002651 4500
001 15473
003 BD-RjUL
005 20211208235825.0
008 140210s1966 enka 001 0 eng
035 _a(BD-RjUL)15527
035 _a(OCoLC)6392476
040 _aDLC
_cNBuU
_dOCoLC
_dOTU
_dUk
_dDLC
_dBD-RjUL
_beng
041 _aeng
082 _a658.8
_bGRM
100 1 _aGrumbridge, Jack L.
_948064
245 1 0 _aMarketing management in air transport /
_cJack J. Grumbridge.
260 _aLondon :
_bAllen & Unwin,
_c1966.
300 _a3-152 p. :
_btables, diagrs. ;
_c23 cm.
504 _aIncludes index.
650 0 _aAirlines
_xManagement.
_922024
942 _2ddc
_cBK
999 _c15473
_d15473